000 00542ntaaa2200205 4500
003 01
005 20251027202901.0
008 0714s1973 ag 01
040 _aAR-BaBN
_bspa
_cAR-BaBN
_eaacr
_dRIC
082 _a269.4862 G21d
100 _aGasc Opazo, Hugo
_929308
245 _aDespierta, continente mío
250 _a1 ed.
260 _aMiami :
_bEd. Caribe,
_c1978
300 _a159 p ;
_cfotos
650 _aNicaragua-evangelización
_929309
650 _aevangelizacion masiva
_929310
650 _aPalau, Luis
_929311
942 _cBK
999 _c24164
_d24164